| 000 | 00575cam a2200157 4500 | ||
|---|---|---|---|
| 008 | 150903n 000 0 eng u | ||
| 022 | _a1543-0480 | ||
| 035 | _a(Sirsi) a192033 | ||
| 050 | _aQD471.M3 | ||
| 245 | _aJournal of Polymer Science: Macro-molecular review | ||
| 260 |
_aNew York _b Interscience Publishers _c 1974. |
||
| 310 | _aIrregular | ||
| 362 | _aVol.3, 1968 - Vol.9, 1974. | ||
| 520 | _aStudy of the confermation behaviour of polypeptides as intrinsic interest as a complex and challenging theoretical and experimental problem | ||
| 650 | _aPolymer Science | ||
| 999 |
_c9819 _d9819 |
||